000 00763nam a2200241Ia 4500
003 OSt
005 20220925215346.0
006 a|||||r|||| 00| 0
007 ta
008 220923b |||||||| |||| 00| 0 eng d
037 _cGeneral Book
040 _aRTL
_cRTL
_beng
041 _2eng
_aeng
082 _aX:8-952.3.N6, K5/GD
110 _aGreat Britain, National Economic Development Council
_9282650
245 0 _aManagement recruitment and development
260 _aLondon
_bHer Majesty's Stationery Office(H M S O)
_c1965
300 _a63p.
_ccm.
650 _aManagement
_930681
700 _aGreat Britain, National Economic Development Council
_9282651
942 _hX:8-952.3.N6, K5/GD
_cGB
_2CC
999 _c568598
_d568598